<?xml version="1.0" encoding="UTF-8"?><?xml-stylesheet type="text/xsl" href="static/style.xsl"?><OAI-PMH xmlns="http://www.openarchives.org/OAI/2.0/" xmlns:xsi="http://www.w3.org/2001/XMLSchema-instance" xsi:schemaLocation="http://www.openarchives.org/OAI/2.0/ http://www.openarchives.org/OAI/2.0/OAI-PMH.xsd"><responseDate>2026-04-27T07:48:56Z</responseDate><request verb="GetRecord" identifier="oai:uvadoc.uva.es:10324/29545" metadataPrefix="marc">https://uvadoc.uva.es/oai/request</request><GetRecord><record><header><identifier>oai:uvadoc.uva.es:10324/29545</identifier><datestamp>2025-02-21T09:31:50Z</datestamp><setSpec>com_10324_38</setSpec><setSpec>col_10324_852</setSpec></header><metadata><record xmlns="http://www.loc.gov/MARC21/slim" xmlns:doc="http://www.lyncode.com/xoai" xmlns:xsi="http://www.w3.org/2001/XMLSchema-instance" xmlns:dcterms="http://purl.org/dc/terms/" xsi:schemaLocation="http://www.loc.gov/MARC21/slim http://www.loc.gov/standards/marcxml/schema/MARC21slim.xsd">
<leader>00925njm 22002777a 4500</leader>
<datafield tag="042" ind1=" " ind2=" ">
<subfield code="a">dc</subfield>
</datafield>
<datafield tag="720" ind1=" " ind2=" ">
<subfield code="a">Gómez de la Dedicación, Paloma</subfield>
<subfield code="e">author</subfield>
</datafield>
<datafield tag="260" ind1=" " ind2=" ">
<subfield code="c">2017</subfield>
</datafield>
<datafield tag="520" ind1=" " ind2=" ">
<subfield code="a">El trabajo que se desarrolla a continuación, consiste en la realización de un proyecto para el aula, en concreto para un curso de 1º primaria. Dicho proyecto consta de 3 unidades didácticas donde se utiliza el cuento como instrumento motivador y a partir del cual se trabajarán algunos conceptos musicales. El principal objetivo que nos marcamos es demostrar la importancia que tiene la música en la etapa de primaria y como ésta contribuye al desarrollo integral del niño. La metodología utilizada, está basada en las metodologías más relevantes del s.XX, (Orff: sílabas rítmicas, Kodaly: fononimia, Dalcroze: importancia de vivenciar con el cuerpo…). Como conclusión, podemos afirmar que la asignatura de música está muy bien acogida por los niños, disfrutan aprendiendo y les gusta. Las actividades propuestas han sido llevadas a cabo con éxito y los cuentos nos han servido de actividad de motivación, consiguiendo así los objetivos propuestos en cada unidad.</subfield>
</datafield>
<datafield tag="024" ind2=" " ind1="8">
<subfield code="a">http://uvadoc.uva.es/handle/10324/29545</subfield>
</datafield>
<datafield tag="245" ind1="0" ind2="0">
<subfield code="a">El cuento como recurso didáctico musical. Proyecto para el aula.</subfield>
</datafield>
</record></metadata></record></GetRecord></OAI-PMH>